000 02267nam a22002177a 4500
003 GR-AtMCL
005 20260112120115.0
006 a|||||r|||||||||||
008 s2014 enk 000 1 eng d
020 _a9780008138301
040 _aGR-AtMCL
_beng
_dGR-AtMCL
_eAACR2
100 _aDoerr, Anthony
_910240
245 1 0 _aAll the light we cannot see :
_ba novel /
_cAnthony Doerr.
260 _aLondon :
_bFourth Estate,
_c2014.
300 _a531 p. ;
_c20 cm.
520 _a"From the highly acclaimed, multiple award-winning Anthony Doerr, a stunningly ambitious and beautiful novel about a blind French girl and a German boy whose paths collide in occupied France as both try to survive the devastation of World War II. Marie Laure lives with her father in Paris within walking distance of the Museum of Natural History where he works as the master of the locks (there are thousands of locks in the museum). When she is six, she goes blind, and her father builds her a model of their neighborhood, every house, every manhole, so she can memorize it with her fingers and navigate the real streets with her feet and cane. When the Germans occupy Paris, father and daughter flee to Saint-Malo on the Brittany coast, where Marie-Laure's agoraphobic great uncle lives in a tall, narrow house by the sea wall. In another world in Germany, an orphan boy, Werner, grows up with his younger sister, Jutta, both enchanted by a crude radio Werner finds. He becomes a master at building and fixing radios, a talent that wins him a place at an elite and brutal military academy and, ultimately, makes him a highly specialized tracker of the Resistance. Werner travels through the heart of Hitler Youth to the far-flung outskirts of Russia, and finally into Saint-Malo, where his path converges with Marie-Laure. Doerr's gorgeous combination of soaring imagination with observation is electric. Deftly interweaving the lives of Marie-Laure and Werner, Doerr illuminates the ways, against all odds, people try to be good to one another. Ten years in the writing, All the Light We Cannot See is his most ambitious and dazzling work" -- Provided by publisher.
650 0 _aAmerican literature
_910241
653 _aΛογοτεχνία
942 _cBK
999 _c10033
_d10033